<?xml version="1.0" encoding="UTF-8"?>
<record
    xmlns:xsi="http://www.w3.org/2001/XMLSchema-instance"
    xsi:schemaLocation="http://www.loc.gov/MARC21/slim http://www.loc.gov/standards/marcxml/schema/MARC21slim.xsd"
    xmlns="http://www.loc.gov/MARC21/slim">

  <leader>00818nam a2200229 i 4500</leader>
  <controlfield tag="001">33487</controlfield>
  <controlfield tag="003">ES-MaACL</controlfield>
  <controlfield tag="005">20250824230039.0</controlfield>
  <controlfield tag="007">t|</controlfield>
  <controlfield tag="008">030202s1973    sp           ||||1| spa d</controlfield>
  <datafield tag="130" ind1="0" ind2=" ">
    <subfield code="a">Biblia. </subfield>
    <subfield code="p">A.T. Josu&#xE9;. </subfield>
    <subfield code="l">Espa&#xF1;ol.</subfield>
    <subfield code="9">119266</subfield>
  </datafield>
  <datafield tag="245" ind1="1" ind2="0">
    <subfield code="a">Josu&#xE9; y Jueces / </subfield>
    <subfield code="c">traducci&#xF3;n de Manuel Iglesias Gonz&#xE1;lez ; revisi&#xF3;n de Jos&#xE9; Mar&#xED;a Valverde ; comentario de Luis Alonso Sch&#xF6;kel.</subfield>
  </datafield>
  <datafield tag="260" ind1=" " ind2=" ">
    <subfield code="a">Madrid : </subfield>
    <subfield code="b">Cristiandad, </subfield>
    <subfield code="c">[1973]</subfield>
  </datafield>
  <datafield tag="300" ind1=" " ind2=" ">
    <subfield code="a">273 p. ; </subfield>
    <subfield code="c">19 cm.</subfield>
  </datafield>
  <datafield tag="490" ind1="1" ind2=" ">
    <subfield code="a">Los libros sagrados ; </subfield>
    <subfield code="v">3</subfield>
  </datafield>
  <datafield tag="700" ind1="1" ind2=" ">
    <subfield code="a">Iglesias Gonz&#xE1;lez, Manuel.</subfield>
    <subfield code="9">65119</subfield>
  </datafield>
  <datafield tag="700" ind1="1" ind2=" ">
    <subfield code="a">Valverde, Jos&#xE9; Mar&#xED;a,</subfield>
    <subfield code="d">1926-1996</subfield>
    <subfield code="9">113013</subfield>
  </datafield>
  <datafield tag="700" ind1="1" ind2=" ">
    <subfield code="a">Alonso Sch&#xF6;kel, Luis.</subfield>
    <subfield code="9">181472</subfield>
  </datafield>
  <datafield tag="830" ind1="0" ind2="4">
    <subfield code="a">Los libros sagrados</subfield>
    <subfield code="v">3</subfield>
    <subfield code="9">181473</subfield>
  </datafield>
  <datafield tag="852" ind1=" " ind2=" ">
    <subfield code="a">ES-MaACL</subfield>
    <subfield code="j">C-52043 </subfield>
    <subfield code="b">R.85832</subfield>
  </datafield>
  <datafield tag="999" ind1=" " ind2=" ">
    <subfield code="c">33487</subfield>
    <subfield code="d">33487</subfield>
  </datafield>
  <datafield tag="952" ind1=" " ind2=" ">
    <subfield code="0">0</subfield>
    <subfield code="1">0</subfield>
    <subfield code="4">0</subfield>
    <subfield code="7">0</subfield>
    <subfield code="a">ATENEOM</subfield>
    <subfield code="b">ATENEOM</subfield>
    <subfield code="c">DEPO2</subfield>
    <subfield code="d">2008-01-17</subfield>
    <subfield code="e">SC</subfield>
    <subfield code="l">0</subfield>
    <subfield code="o">C-52043</subfield>
    <subfield code="p">1034844</subfield>
    <subfield code="r">2023-02-23 00:00:00</subfield>
    <subfield code="w">2023-02-23</subfield>
    <subfield code="y">MONOGRAFIA</subfield>
  </datafield>
</record>
